Segmentácia anomálií vo volumetrických medicínskych dátach

Saved in:
Bibliographic Details
Main Author: Mikuš, Matej (Author)
Other Authors: Tamajka, Martin (Thesis advisor)
Format: Manuscript Book
Language:Slovak
Published: Bratislava 2018
Subjects:
Online Access:http://is.stuba.sk/zp/portal_zp.pl?podrobnosti=122943
Tags: Add Tag
No Tags, Be the first to tag this record!

MARC

LEADER 00000ntm a22000003a 4500
001 stuzp70292
003 SK-STU
005 20190211165056.2
007 ta
008 150427s2015----xo-----f-mn---000-0-slo-d
040 |a STU  |b slo 
041 0 |a slo 
044 |a xo 
100 1 |a Mikuš, Matej  |u 070400  |4 aut  |U FIIT Fakulta informatiky a informačných technológií  |T FIIT Ústav počítačového inžinierstva a aplikovanej informatiky  |X 79666  |U I400  |Y 672  |7 79666 
242 0 1 |a Segmentation of anomalies in volumetric medical data  |y eng 
245 1 0 |a Segmentácia anomálií vo volumetrických medicínskych dátach 
260 |c 2018  |a Bratislava 
300 |a 68 s., CD-rom 
650 4 |a segmentácia  |2 slo 
650 4 |a CNTK  |2 slo 
650 4 |a tumor  |2 slo 
650 4 |a hlboké učenie  |2 slo 
650 4 |a MRI  |2 slo 
650 4 |a CNN  |2 slo 
650 4 |a konvolučné neurónové siete  |2 slo 
650 4 |a tumor  |2 eng 
650 4 |a segmentation  |2 eng 
650 4 |a CNTK  |2 eng 
650 4 |a Deep Learning  |2 eng 
650 4 |a MRI  |2 eng 
650 4 |a CNN  |2 eng 
650 4 |a Convolutional Neural Networks  |2 eng 
700 1 |a Tamajka, Martin  |u 070400  |k Z3  |4 ths  |U FIIT Fakulta informatiky a informačných technológií  |T FIIT Ústav počítačového inžinierstva a aplikovanej informatiky  |X 46174  |U I400  |Y 672  |7 46174 
856 4 |u http://is.stuba.sk/zp/portal_zp.pl?podrobnosti=122943 
996 |b IZP20180045  |c I*BAP65/18  |l II680  |s P  |a 0  |w stuzp70292_0001